000
00300nam a22001337a 4500
008
170808b xxu||||| |||| 00| 0 eng d
020
_a
082039538822
041
_a
eng
080
_a
004
100
_a
33
101
_a
SHKI
245
_a
GETTING STARTED WITH GAME MAKER
_c
FORD, J.L
942
_2
udc
_c
BK
999
_c
22865
_d
22865